Medea / (Registro nro. 3571)
[ vista simple ]
| 000 -LEADER | |
|---|---|
| fixed length control field | 00847nam a2200229Ia 4500 |
| 003 - CONTROL NUMBER IDENTIFIER | |
| control field | OSt |
| 005 - DATE AND TIME OF LATEST TRANSACTION | |
| control field | 20200902191421.0 |
| 008 - FIXED-LENGTH DATA ELEMENTS--GENERAL INFORMATION | |
| fixed length control field | 191128t1994 ck r 000 1 spa d |
| 020 ## - INTERNATIONAL STANDARD BOOK NUMBER | |
| International Standard Book Number | 9583000817 |
| 040 ## - CATALOGING SOURCE | |
| Original cataloging agency | CO-JMCR |
| Transcribing agency | CO-JMCR |
| 041 ## - LANGUAGE CODE | |
| Language code of text/sound track or separate title | spa |
| 082 04 - DEWEY DECIMAL CLASSIFICATION NUMBER | |
| Classification number | T / |
| Item number | EURm |
| 100 1# - MAIN ENTRY--PERSONAL NAME | |
| Personal name | Eurípides, |
| Dates associated with a name | 480-406 a. de J. C. |
| Relator term | autor |
| 9 (RLIN) | 9660 |
| 245 #0 - TITLE STATEMENT | |
| Title | Medea / |
| Statement of responsibility, etc. | Eurípides ; Edipo Rey ; Antígona / Sófocles |
| 250 ## - EDITION STATEMENT | |
| Edition statement | Tercera edición |
| 260 ## - PUBLICATION, DISTRIBUTION, ETC. | |
| Place of publication, distribution, etc. | Bogotá : |
| Name of publisher, distributor, etc. | Panamericana, |
| Date of publication, distribution, etc. | ©1994 |
| 300 ## - PHYSICAL DESCRIPTION | |
| Extent | 146 páginas ; |
| Dimensions | 20 cm. |
| 520 ## - SUMMARY, ETC. | |
| Summary, etc. | Antígona expone el conflicto y el enfrentamiento que se produce cuando frente a las leyes seculares divinas, que contituyen la tradición se colocan las determinaciones del pueblo, las nuevas leyes civiles. |
| 650 14 - SUBJECT ADDED ENTRY--TOPICAL TERM | |
| Topical term or geographic name entry element | Teatro griego |
| 9 (RLIN) | 9658 |
| 700 ## - ADDED ENTRY--PERSONAL NAME | |
| Personal name | Sófocles, |
| Dates associated with a name | 496-406 a.C. |
| 9 (RLIN) | 9661 |
| 942 ## - ADDED ENTRY ELEMENTS (KOHA) | |
| Source of classification or shelving scheme | Dewey Decimal Classification |
| Koha item type | Books |
| Withdrawn status | Lost status | Source of classification or shelving scheme | Damaged status | Not for loan | Collection code | Home library | Current library | Date acquired | Source of acquisition | Total Checkouts | Full call number | Barcode | Date last seen | Date last checked out | Copy number | Koha item type |
|---|---|---|---|---|---|---|---|---|---|---|---|---|---|---|---|---|
| Dewey Decimal Classification | Fiction | Biblioteca Pública José María del Castillo y Rada | Biblioteca Pública José María del Castillo y Rada | 11/28/2019 | Donación | 4 | T / EURm | 201807436 | 06/26/2023 | 06/22/2023 | Ej.1 | Books |